Formule E - Circuits - Statistiques

Statistiques générales
  • Ce quiz a été pris 97 fois
    39 depuis la dernière actualisation
  • Le résultat moyen est 16 sur 34
Statistiques - réponses
Première édition Pays d'origine Nom de l'ePrix % Correct
2023-24 Chine Shanghai
91%
2014-15 Monaco Monaco
82%
2015-16 France Paris
76%
2014-15 Allemagne Berlin
70%
2016-17 Hong Kong Hong Kong
67%
2017-18 Italie Rome
67%
2015-16 Mexique Mexico
64%
2016-17 Etats-Unis New York
64%
2023-24 Japon Tokyo
64%
2014-15 Royaume-Uni Londres
61%
2014-15 Etats-Unis Miami
61%
2018-19 Suisse Berne
58%
2024-25 Arabie Saoudite Jeddah
58%
2014-15 Russie Moscou
58%
2022-23 Brésil Sao Paulo
58%
2016-17 Canada Montréal
55%
2019-20 Corée du Sud Séoul
55%
2014-15 Argentine Buenos Aires
52%
2019-20 Indonésie Jakarta
52%
2020-21 Espagne Valence
48%
2016-17 Maroc Marrakech
45%
2017-18 Chili Santiago
45%
2022-23 Afrique du Sud Le Cap
39%
2017-18 Suisse Zürich
39%
2014-15 Chine Beijing
33%
2023-24 Italie Misano
21%
2018-19 Arabie Saoudite Diriyah
15%
2022-23 Inde Hyderabad
15%
2014-15 Uruguay Punta del Este
15%
2022-23 Etats-Unis Portland
12%
2014-15 Etats-Unis Long Beach
9%
2020-21 Mexique Puebla
9%
2014-15 Malaisie Putrajaya
9%
2018-19 Chine Sanya
9%
Aucun quiz correspondant
Distribution des résultats
% des personnes avec chaque résultat
Percentile par nombre de réponses
Votre historique - résultats
Vous n’avez pas pris ce quiz depuis la dernière actualisation